Phương thức nối trong một số truyện ngắn của Nguyễn Minh Châu
Những vấn đề lí luận chung liên quan đề tài. Khảo sát, phân loại và miêu tả phương thức nối trong một số truyện ngắn của Nguyễn Minh Châu. Vai trò của việc sử dụng phép nối trong một số truyện ngắn của Nguyễn Minh Châu.
Zapisane w:
| 1. autor: | |
|---|---|
| Kolejni autorzy: | |
| Format: | Książka |
| Język: | Vietnamese |
| Wydane: |
Đà Nẵng Đà Nẵng
Trường Đại học Sư phạm
2009
|
| Hasła przedmiotowe: | |
| Etykiety: |
Dodaj etykietę
Nie ma etykietki, Dołącz pierwszą etykiete!
|
| Thư viện lưu trữ: | Mạng thư viện Đại học Đà Nẵng |
|---|
| LEADER | 01554nam a2200337 4500 | ||
|---|---|---|---|
| 001 | 000010984 | ||
| 003 | 7211 | ||
| 005 | 20111227091206.0 | ||
| 008 | 111227s2009 viesd | ||
| 041 | |a vie | ||
| 072 | |a Khóa luận tốt nghiệp | ||
| 082 | |a 895.9223 |b CA-T | ||
| 100 | 1 | |a Cao Thị Trang | |
| 245 | 1 | |a Phương thức nối trong một số truyện ngắn của Nguyễn Minh Châu |c Cao Thị Trang | |
| 260 | |a Đà Nẵng Đà Nẵng |b Trường Đại học Sư phạm |c 2009 | ||
| 300 | |a 55 tr. |c 29 cm | ||
| 500 | |a Khóa luận tốt nghiệp Đại học. Chuyên ngành: Ngành Sư phạm Ngữ văn | ||
| 520 | |a Những vấn đề lí luận chung liên quan đề tài. Khảo sát, phân loại và miêu tả phương thức nối trong một số truyện ngắn của Nguyễn Minh Châu. Vai trò của việc sử dụng phép nối trong một số truyện ngắn của Nguyễn Minh Châu. | ||
| 653 | |a Khoa Ngữ văn | ||
| 653 | |a Khóa luận tốt nghiệp Đại học | ||
| 700 | 1 | |a Vũ Thị Thịnh |c Th.S |e Hướng dẫn | |
| OWN | |a LSP | ||
| AVA | |a UDN50 |b LSP |d 895.9223 CA-T |e available |t Error 5001 Not defined in file expand_doc_bib_avail. |f 1 |g 0 |h N |i 0 |k 1 | ||
| 999 | |a From the UDN01 | ||
| AVA | |a UDN50 |b LSP |d 895.9223 CA-T |e available |t Error 5001 Not defined in file expand_doc_bib_avail. |f 1 |g 0 |h N |i 0 |k 1 | ||
| TYP | |a Monograph | ||
| TYP | |a Printed language | ||
| 980 | |a Mạng thư viện Đại học Đà Nẵng | ||